000 01049nam0a2200361 4500
001 RU\NLR\bibl\403981
005 20250622165101.0
010 _a5-699-01633-3
_bВ пер.
_96000
021 _aRU
_b2003-13682
_9633
035 _a(NLR Aleph) 000398116
090 _a557880
_c557880
100 _a20030521d2003 |||y0rusy50 ca
101 0 _arus
102 _aRU
105 _aa |||||||||
200 1 _aТайная женская магия
_eТеория и практика
_fЛора Ди
210 _aМ.
_cЭКСМО
_d2003
215 _a345, [1] с., [4] л. ил.
_cил.
_d27
320 _aБиблиогр.: с. 342-344
606 0 _aМагия
_91615580
_3RU\NLR\auth\66712354
610 0 _aМагия
675 _a133
_v3
_zrus
686 _a02
_2rugasnti
686 _a86.41
_2rubbk
686 _aЭ240.03
700 1 _aДи
_bЛ.
_gЛора
_4070
801 0 _aRU
_bRKP
_c20030521
_gPSBO
801 1 _aRU
_bRKP
_c20030521
801 2 _aRU
_bNLR
_c20030619
_grcr
942 _cBOOK
980 _aNB